LEADER 01160nam--2200349---450- 001 990002865290203316 005 20090220162459.0 010 $a9987-686-28-1 035 $a000286529 035 $aUSA01000286529 035 $a(ALEPH)000286529USA01 035 $a000286529 100 $a20070206h2002----km-y0itay50------ba 101 $aeng 105 $a||||||||001yy 200 1 $aNEPAD at country level--changing aid relationships in Tanzania$fedited by Samuel M. Wangwe 210 $aDar es Salaam$cMkuki na Nyota Publishers$dcopyr. 2002 215 $aXI, 147 p.$d23 cm 225 2 $aTanzania political economy series$v5 410 0$12001$aTanzania political economy series$v5 606 0 $aAssistenza economica$yTanzania 676 $a338.91096 702 1$aWANGWE,$bSamuel M. 801 0$aIT$bsalbc$gISBD 912 $a990002865290203316 951 $a338.91 NEP 1 (IEP III 1037)$b51975 G.$cIEP III$d00120971 959 $aBK 969 $aECO 979 $aIANNONE$b90$c20070206$lUSA01$h0936 979 $aRSIAV4$b90$c20090220$lUSA01$h1624 996 $aNEPAD at country level--changing aid relationships in Tanzania$9992102 997 $aUNISA LEADER 02184nam0 22004453i 450 001 LO10318424 005 20251003044208.0 100 $a19931104d1974 ||||0itac50 ba 101 | $aita 102 $ait 181 1$6z01$ai $bxxxe 182 1$6z01$an 200 1 $aPer l'unità sindacale$edal patto di Roma ad oggi$fGiorgio Lauzi 210 $aRoma$cCoines$d1974 215 $a149 p.$d21 cm. 225 | $aMovimento operaio 410 0$1001RAV0159078$12001 $aMovimento operaio 606 $aSindacati$xUnificazione$xStoria$x1944-1974$2FIR$3SBLC003733$9I 676 $a331.80945$9SINDACATI, CONTRATTAZIONE E CONTROVERSIE COLLETTIVE. Italia$v22 676 $a331.88$9SINDACATI$v21 676 $a331.880 945$9$v20 676 $a331.880945$9SINDACATI. Italia$v20 676 $a331.880945$9SINDACATI. Italia$v23 686 $aIT/2722.5$cPARTITI E MOVIMENTI POLITICI E SINDACALI REGNO DEL SUD ITALIA LIBERATA 1943-1945$2R 686 $aIT/3436.8$cORGANIZZAZIONI SINDACALI E ALTRE ITALIA 1945-1968$2R 686 $aIT/4436.8$cORGANIZZAZIONI SINDACALI E ALTRE ITALIA 1968-1989$2R 696 $aAssociazioni sindacali$aOrganizzazioni sindacali$aOrganizzazione sindacale 699 $aSindacati$yAssociazioni sindacali 699 $aSindacati$yOrganizzazioni sindacali 699 $aSindacati$zOrganizzazione sindacale 700 1$aLauzi$b, Giorgio$3BVEV011777$4070$0247885 801 3$aIT$bIT-000000$c19931104 850 $aIT-BN0095 $aIT-NA0079 901 $bNAP BN$cB $nComprende volumi con collocazioni per formato catalogati prima del 1987. La consegna del doc. é effettuata dall'Uff. Distribuzione. 901 $bNAP 01$cPOZZO LIB.$nVi sono collocati fondi di economia, periodici di ingegneria e scienze, periodici di economia e statistica e altri fondi comprendenti documenti di economia pervenuti in dono. 912 $aLO10318424 950 0$aBiblioteca Centralizzata di Ateneo$c1 v.$d 01POZZO LIB.F. SANTI 648$e 0101 0060033865E VMA 1 v. (Precedente collocazione S 653)$fB $h20221118$i20221118 977 $a 01$a BN 996 $aPer l'unità sindacale$9779850 997 $aUNISANNIO